01781cam a2200373 i 4500001001300000003000900013005001700022008004100039020001800080020001500098040006400113082001900177100003600196245016100232250003500393264004500428264001000473300005200483336002600535337002800561338002700589500002100616500002400637500002400661505041700685650003901102651001001141653002401151655001701175700003401192942001201226999001701238952015201255ocn810039779EG-ScBUE20241112140108.0120914t2014 nyua f d 001 0 eng d a9781259060601 a1259060608 aDLCerdabengcDLCdPHADUdOCLCFdYDXCPdCDXdOVVdEG-ScBUE04a519.5222bJAG1 aJaggia, Sanjiv,d1960-eauthor.10aEssentials of business statistics :bcommunicating with numbers /cSanjiv Jaggia, California Polytechnic State University, Alison Kelly, Suffolk University. aInternational student edition. 1aNew York :bMcGraw-Hill / Irwin,c[2014] 4cc2014 axxix, 514 pages :bcolor illustrations ;c29 cm 2rdacontentatextbtxt aunmediated2rdamediabn avolumebnc2rdacarrier aIncludes index.  aIncludes glossary.  aIncludes appendix. 0 aStatistics and data -- Tabular and graphical methods -- Numerical descriptive measures -- Introduction to probability -- Discrete probability distributions -- Continuous probability distributions -- Sampling and sampling distributions -- Interval estimation -- Hypothesis Testing -- Comparisons involving means -- Comparisons involving proportions -- Basics of regression analysis -- More on regression analysis. 7aCommercial statistics.2BUEsh9802 2BUEsh bBUSADMcOctober2016 vReading book1 aHawke, Alison Kelly,eauthor. 2ddccBB c22954d22926 00102ddc40708BaccahaMAINbMAINc1STd2016-10-31ePurchaseg336.00h25140l0o519.5 JAGp000034603r2025-07-15 00:00:00v420.00w2016-10-31yBB